Top Ten Best Portuguese Footballers of All Time - Statistics

General Stats
  • This quiz has been taken 537 times
  • The average score is 6 of 10
Answer Stats
Pos. No. Player % Correct
1. Cristiano Ronaldo
100%
2. Eusébio
92%
3. Luis Figo
91%
6. Pepe
68%
4. Rui Costa
66%
7. Deco
64%
8. Nani
50%
5. Paulo Futre
25%
10. Coluna
16%
9. Andre Gomes
12%
No matching quizzes found
Score Distribution
Percent of People with Each Score
Percentile by Number Answered
Your Score History
You have not taken this quiz